Тишина. Выбор (Запис № 368043)

МАРК-запис
000 -LEADER
fixed length control field 00686nam a22002417a 4500
001 - CONTROL NUMBER
control field 81731
003 - CONTROL NUMBER IDENTIFIER
control field UA-OsUOA
005 - DATE AND TIME OF LATEST TRANSACTION
control field 20201224224523.0
007 - PHYSICAL DESCRIPTION FIXED FIELD--GENERAL INFORMATION
fixed length control field ta
008 - FIXED-LENGTH DATA ELEMENTS--GENERAL INFORMATION
fixed length control field 20120206b un ||||| |||| 00| 0 ukr d
040 ## - CATALOGING SOURCE
Original cataloging agency UA-OsUOA
Language of cataloging rus
Transcribing agency UA-OsUOA
Modifying agency UA-OsUOA
041 ## - LANGUAGE CODE
Language code of text/sound track or separate title rus
080 ## - UNIVERSAL DECIMAL CLASSIFICATION NUMBER
Universal Decimal Classification number 821.161.1
090 ## - LOCALLY ASSIGNED LC-TYPE CALL NUMBER (OCLC); LOCAL CALL NUMBER (OCLC)
Classification number (OCLC) (R) ; Classification number, CALL (RLIN) (NR) 821.161.1
Local cutter number (OCLC) ; Book number/undivided call number, CALL (RLIN) Б81
100 ## - MAIN ENTRY--PERSONAL NAME
Personal name Бондарев Ю.
245 ## - TITLE STATEMENT
Title Тишина. Выбор
Remainder of title романы
260 ## - PUBLICATION, DISTRIBUTION, ETC. (IMPRINT)
Place of publication, distribution, etc М.
Name of publisher, distributor, etc Известия
Date of publication, distribution, etc 1983
300 ## - PHYSICAL DESCRIPTION
Extent 730 с.
650 #7 - SUBJECT ADDED ENTRY--TOPICAL TERM
Topical term or geographic name as entry element 82 Література. Літературознавство
Source of heading or term UDC
942 ## - ADDED ENTRY ELEMENTS (KOHA)
Koha item type Книги
Source of classification or shelving scheme Universal Decimal Classification
955 ## - COPY-LEVEL INFORMATION (RLIN)
Classification number, CCAL (RLIN) Літературно-художні видання
Фонди
Withdrawn status Lost status Source of classification or shelving scheme Damaged status Not for loan Collection code Home library Current library Date acquired Source of acquisition Cost, normal purchase price Inventory number Total Checkouts Full call number Barcode Date last seen Price effective from Koha item type
    Universal Decimal Classification     Колекція Жулинського М.Г. АБ - Абонемент НБ АБ - Абонемент НБ 06/02/2012 5/2012 10.00 136940   821.161.1 Б81 136940 06/02/2022 06/02/2012 Книги
    Universal Decimal Classification       АБ - Абонемент НБ АБ - Абонемент НБ 21/12/2012     42591   821.161.1 Б81 42591 11/04/2022 06/02/2012 Книги
    Universal Decimal Classification       АБ - Абонемент НБ АБ - Абонемент НБ 21/12/2012     42291   821.161.2 Б81 42291 11/04/2022 21/12/2012 Книги